Hors de prix : Priceless /

Irene is with her elderly paramour, on the Riviera, to celebrate her birthday. When he falls asleep on her, she decides to slip down to the hotel bar. There, she mistakes barman Jean for a wealthy guest. He encourages the deceit by taking her up to the Royal Suite for the night. The following year,...

Full description

Bibliographic Details
Corporate Authors: Films Pelléas, TPS Star (Firm), Wild Bunch (Firm), France 2 cinéma (Firm), France 3 cinéma (Firm), Tovo Films, KS2 Productions, First Look Home Entertainment
Other Authors: Martin, Philippe, 1966-, Graffin, Benoit, 1966-, Salvadori, Pierre, Tautou, Audrey, 1976-, Elmaleh, Gad, Adam, M. C., Dobtcheff, Vernon, 1934-, Spiesser, Jacques, 1947-, Hesme, Annelise
Format: Video DVD
Language:French
Language Notes:In French with optional subtitles in Spanish and English. English subtitles for the deaf and hard of hearing.
Published: [New York] : First Look Home Entertainment, [2008]
Subjects:

MARC

Tag First Indicator Second Indicator Subfields
LEADER 00000cgm a2200000Ka 4500
001 in00002427872
005 20171223063625.0
007 vd cvaizq
008 080808s2008 fr 102 g vlfre d
020 |a 1592418449 
020 |a 9781592418442 
024 1 0 |a 687797126092 
028 4 2 |a FLP-12609  |b First Look Home Entertainment 
035 |a (OCoLC)ocn241468039 
035 |a (OCoLC)241468039 
037 |b Midwest Tape  |n http://www.midwesttapes.com 
040 |a TEFMT  |c TEFMT  |d BTCTA  |d TEF  |d GK8  |d TXA  |d UtOrBLW 
041 1 |a fre  |j eng  |j spa  |h fre 
043 |a e-fr--- 
049 |a TXAM 
050 1 4 |a PN1997.2  |b .H67 2008 
082 0 4 |a 791.73/72  |2 22 
090 |a PN1995.9.F67  |b H6675 2008 
245 0 0 |a Hors de prix :  |b Priceless /  |c Les Films Pelleas, TPS Star, Wild Bunch in co-production with France 2 Cinema, France 3 Cinema, Tovo Films ; KS2 Productions ; produced by Philippe Martin ; written by Benoît Graffin, Pierre Salvadori ; directed by Pierre Salvadori. 
264 1 |a [New York] :  |b First Look Home Entertainment,  |c [2008] 
300 |a 1 videodisc (102 min.) :  |b sound, color ;  |c 4 3/4 in. 
336 |a two-dimensional moving image  |b tdi  |2 rdacontent 
337 |a video  |b v  |2 rdamedia 
338 |a videodisc  |b vd  |2 rdacarrier 
538 |a DVD; region 1; NTSC; widescreen; Dolby Digital 5.1 surround. 
546 |a In French with optional subtitles in Spanish and English. English subtitles for the deaf and hard of hearing. 
511 1 |a Audrey Tautou, Gad Elmaleh, Marie-Christine Adam, Vernon Dobtcheff, Jacques Spiesser, Annelise Hesme. 
508 |a Director of photography, Gilles Henry ; editor, Isabelle Devinck ; music, Camille Bazbaz. 
521 8 |a MPAA rating: R. 
520 |a Irene is with her elderly paramour, on the Riviera, to celebrate her birthday. When he falls asleep on her, she decides to slip down to the hotel bar. There, she mistakes barman Jean for a wealthy guest. He encourages the deceit by taking her up to the Royal Suite for the night. The following year, the same thing happens. This time her lover finds out and disowns her. Knowing Jean is a barman of little means doesn't stop her from wanting to be with him. Jean soon finds himself in Irene's shoes with an older and worldly-wise Madeleine. Even though they both have paramours, the two keep in increasingly close touch. 
500 |a Special features: Making of featurette; deleted scenes; previews. 
500 |a Videorecording. 
650 0 |a Paramours  |z France  |z Riviera  |v Drama. 
650 0 |a Bars (Drinking establishments)  |z France  |z Riviera  |x Employees  |v Drama. 
650 0 |a Man-woman relationships  |z France  |z Riviera  |v Drama. 
655 0 |a Foreign films. 
655 0 |a Motion pictures, French. 
655 7 |a Romantic comedy films.  |2 lcgft 
655 7 |a Video recordings for the hearing impaired.  |2 lcgft 
655 7 |a Feature films.  |2 lcgft 
655 7 |a Fiction films.  |2 lcgft 
700 1 |a Martin, Philippe,  |d 1966- 
700 1 |a Graffin, Benoit,  |d 1966- 
700 1 |a Salvadori, Pierre. 
700 1 |a Tautou, Audrey,  |d 1976- 
700 1 |a Elmaleh, Gad. 
700 1 |a Adam, M. C. 
700 1 |a Dobtcheff, Vernon,  |d 1934- 
700 1 |a Spiesser, Jacques,  |d 1947- 
700 1 |a Hesme, Annelise. 
710 2 |a Films Pelléas. 
710 2 |a TPS Star (Firm) 
710 2 |a Wild Bunch (Firm) 
710 2 |a France 2 cinéma (Firm) 
710 2 |a France 3 cinéma (Firm) 
710 2 |a Tovo Films. 
710 2 |a KS2 Productions. 
710 2 |a First Look Home Entertainment. 
938 |a Baker and Taylor  |b BTCP  |n BEDDFRLP12609 
994 |a C0  |b TXA 
948 |a cataloged  |b h  |c 2008/11/24  |d c  |e blrosas  |f 9:28:25 am 
999 |a MARS 
999 f f |s f14ac3bd-64ed-38fb-86a4-e54b5e915ea2  |i d012c48a-4ede-37bf-b4be-e0fe3efcf497  |t 0 
952 f f |p dvd  |a Texas A&M University  |b College Station  |c Sterling C. Evans Library  |d Evans: Media and Reserves (Annex 1st floor)  |t 0  |e PN1995.9.F67 H6675 2008  |h Library of Congress classification  |i video -- videodisc  |m A14837528078 
998 f f |a PN1995.9.F67 H6675 2008  |t 0  |l Evans: Media and Reserves (Annex 1st floor)